000 00232 a2200085 4500
020 _a9781780679136
100 _a Robson David
245 _aIn Search of Bawa: Master Architect of Sri Lanka
260 _b‎ Laurence King Publishing
_c2017
999 _c13359
_d13359